00813 2200289 4500001002100000005001500021035002500036008004100061020002200102040001700124082001600141084001800157100002800175245007800203260003400281300002500315500002900340650002500369700000800394850001200402007000300414090002200417090002100439999002100460990002100481990002100502INLIS00000000000890520200220023355 a0010-081500000000343150804s2015 yoi f ind d a978-979-21-4255-6 aYOPDYOGbind 223a261.835 a261.835 SIL k aSilvester Susianto Budi aKupas tuntas perkawinan Katolik /c/ Silvester Susianto Budi ; editor Eny aYogyakarta :bKanisius,c2015 a63 halaman ;c19 cm. aBibliografi : halaman 63 aPerkawinan (Katolik) aEny aYOPDYOGta aDEP 261.835 SIL k aCB-D.11 2015-072 aCB-D.11/2015-072 aCB-D.11/2015-072 aCB-D.11/2015-072